Same Actor TV Show Match-Up Quiz Stats

 Plays Quiz Updated Sep 5, 2016

Challenge
Share
Tweet
Score 0/24 Timer 08:00
0 Plays Today
% Correct
Neil Patrick Harris
93.4%
Betty White
85.1%
Ed O'Neill
84.8%
Ted Danson
83.1%
Bryan Cranston
82.9%
David Duchovny
81.5%
William Shatner
80.9%
Ron Howard
78.7%
Tim Allen
78.6%
Tom Selleck
78.4%
Patricia Heaton
76%
Johnny Galecki
75.9%
% Correct
Julianna Margulies
73.2%
Charlie Sheen
72.1%
David Spade
69.9%
Michael Landon
69.7%
Larry Hagman
68.6%
Jack Klugman
61.5%
Matthew Fox
60.7%
Courteney Cox
58.4%
Richard Dean Anderson
58.3%
Thomas Gibson
57.9%
Alfonso Ribeiro
56.3%
Dulé Hill
46.3%

You're not logged in!

Compare scores with friends on all Sporcle quizzes.
Join for Free
OR
Log In

You Might Also Like...

Show Comments

Extras

Top Quizzes Today


Score Distribution

Your Account Isn't Verified!

In order to create a playlist on Sporcle, you need to verify the email address you used during registration. Go to your Sporcle Settings to finish the process.

Report this User

Report this user for behavior that violates our Community Guidelines.

Details: